A csillagok és az ősok nyomában

Podrobná bibliografia
Hlavní autori: Mátyás Hudák, Katalin (Autor, Tazateľ), Pirovits, Pál (Autor)
Médium: Článok
Jazyk:maďarčina
Fyzický popis:Fotogr.
Predmet:

MARC

LEADER 00000nab a2200000 a 4500
001 vtls010326126
003 SK-MaSNL
005 20260319071307.0
008 111124|2011 xo m| | |00 0|hun
038 |a KEVKJB 
040 |a KEVKJB  |b slo  |c KEVKJB  |e AACR2 
041 0 |a hun 
044 |a xo  |c SK 
080 |a 72.071  |2 2001 
100 1 |a Mátyás Hudák, Katalin  |4 ivr  |4 aut  |9 1087551 
245 1 0 |a A csillagok és az ősok nyomában  |c Mátyás Hudák Hatalin 
300 |b Fotogr. 
600 1 7 |a Pirovits, Pál  |2 kevkjb  |9 1099032 
650 0 7 |a architekti  |2 kevkjb  |9 2959 
651 7 |a Košice (Slovensko)  |2 kevkjb  |9 18694 
651 7 |a Kráľovský Chlmec (Slovensko)  |2 kevkjb  |9 15685 
655 7 |a rozhovory  |2 kevkjb  |9 31831 
700 1 |a Pirovits, Pál  |4 ive  |4 aut  |9 1099032 
773 0 |t Kassai Figyelő  |g Évf. IX, sz. 8 (2011), o. 17 
852 |a KEVKJB  |b KIS3GCP 
958 |a HU 
958 |a BX 
958 |a NM 
999 |c 1806321  |d 1808251